KOHA-Header-6

Chinese English Urdu Dictionary (Record no. 13243)

000 -LEADER
fixed length control field 00275nam a22001217a 4500
020 ## - INTERNATIONAL STANDARD BOOK NUMBER
ISBN 9789696371823
082 ## - DEWEY DECIMAL CLASSIFICATION NUMBER
Classification number DS721
100 ## - MAIN ENTRY--AUTHOR NAME
Personal name Syed Hasan Javed
245 ## - TITLE STATEMENT
Title Chinese English Urdu Dictionary
260 ## - PUBLICATION, DISTRIBUTION, ETC. (IMPRINT)
Place of publication Pakistan
Name of publisher Paramount
Year of publication 2016
300 ## - PHYSICAL DESCRIPTION
Number of Pages 504 pages
942 ## - ADDED ENTRY ELEMENTS (KOHA)
Koha item type Books
Holdings
Withdrawn status Lost status Collection code Permanent Location Current Location Shelving location Date acquired Full call number Accession Number Koha item type
    Dictionaries MAJU MAJU Shelf No.B28 2022-03-01 DS721 10304 DICTIONARY

Powered by Koha